000 00765nam a22002177a 4500
999 _c20893
_d20893
003 AR-CdUCM
008 190329b ||||| |||| 00| 0 spa d
040 _aMUNICIPALIDAD PROVINCIAL DEL CUSCO
_cBIBLIOTECA MUNICIPAL DEL CUSCO
082 _a539.14 /
_bD81
110 _aWalt Disney
_926714
245 _aMañana, la luna :
_bUna Aventura en la Tierra del Mañana /
260 _aMéxico, D. F. :
_bCalifornia Offset, S. A.,
_c1962.
300 _a53 páginas ;
_bIlustraciones, fotografías,
_c22 cm.
505 _aContenido: Nuestro vecino en el espacio.
650 _aEl espacio
_921538
650 _aLa luna
_936805
650 _aViaje a la luna
_943605
700 _aCarbe, Nino (fotografías e ilustraciones)
_943606
942 _2ddc
_cLIBROS
945 _aAndy